भारतीय प्रसारण माध्यम : (Record no. 118759)
[ view plain ]
| 000 -LEADER | |
|---|---|
| fixed length control field | 01227nam a22002537a 4500 |
| 005 - DATE AND TIME OF LATEST TRANSACTION | |
| control field | 20170124103120.0 |
| 010 ## - LIBRARY OF CONGRESS CONTROL NUMBER | |
| LC control number | B-074360 |
| 020 ## - INTERNATIONAL STANDARD BOOK NUMBER | |
| Terms of availability | 250.00 |
| International Standard Book Number | 8187247339 |
| 035 ## - SYSTEM CONTROL NUMBER | |
| System control number | B-074360 |
| 037 ## - SOURCE OF ACQUISITION | |
| Source of stock number/acquisition | Cen Lib/Ret |
| 040 ## - CATALOGING SOURCE | |
| Original cataloging agency | DPL |
| Language of cataloging | HN |
| 082 ## - DEWEY DECIMAL CLASSIFICATION NUMBER | |
| Classification number | 384.5 |
| Item number | रत्तूकृ |
| 100 ## - MAIN ENTRY--PERSONAL NAME | |
| Personal name | रत्तू, कृष्णकुमार |
| 9 (RLIN) | 9690 |
| 245 ## - TITLE STATEMENT | |
| Title | भारतीय प्रसारण माध्यम : |
| Statement of responsibility, etc | कृष्णकुमार रत्तू |
| Remainder of title | भाषा परिद्रश्य / |
| 246 ## - VARYING FORM OF TITLE | |
| Title proper/short title | Bharitya prasaran madhyam : bhasha paridrshya / |
| Remainder of title | by Krishn Kumar Ratto |
| 260 ## - PUBLICATION, DISTRIBUTION, ETC. (IMPRINT) | |
| Place of publication, distribution, etc | जयपुर |
| Name of publisher, distributor, etc | श्याम प्रकाशन |
| Date of publication, distribution, etc | 2001 |
| 270 ## - ADDRESS | |
| City | जयपुर |
| Address | फिल्म कॉलोनी, चौड़ा रास्ता |
| Postal code | 302003 |
| 300 ## - PHYSICAL DESCRIPTION | |
| Extent | 174पृ. |
| Dimensions | 20सेमी(सजिल्द ) |
| 650 ## - SUBJECT ADDED ENTRY--TOPICAL TERM | |
| Topical term or geographic name as entry element | जन संचार माध्यम -- भारत |
| General subdivision | |
| Geographic subdivision | |
| 9 (RLIN) | 81789 |
| 650 ## - SUBJECT ADDED ENTRY--TOPICAL TERM | |
| Topical term or geographic name as entry element | जन संचार माध्यम -- भारत -- दूरदर्शन |
| 9 (RLIN) | 81790 |
| 650 ## - SUBJECT ADDED ENTRY--TOPICAL TERM | |
| Topical term or geographic name as entry element | Mass Media - India |
| 9 (RLIN) | 81791 |
| 650 ## - SUBJECT ADDED ENTRY--TOPICAL TERM | |
| Topical term or geographic name as entry element | Hindi - language - television |
| 9 (RLIN) | 81792 |
| 942 ## - ADDED ENTRY ELEMENTS (KOHA) | |
| Source of classification or shelving scheme | Dewey Decimal Classification |
| Koha item type | Hindi Books |
| Classification part | 384.5 |
| Call number suffix | रत्तूकृ |
| Withdrawn status | Lost status | Damaged status | Not for loan | Home library | Current library | Date acquired | Source of acquisition | Cost, normal purchase price | Total Checkouts | Full call number | Barcode | Date last seen | Date checked out | Copy number | Cost, replacement price | Price effective from | Koha item type |
|---|---|---|---|---|---|---|---|---|---|---|---|---|---|---|---|---|---|
| Central Library | Central Library | 12/09/2015 | Cen Lib/Ref | 250.00 | 1 | 384.5 रत्तूकृ | B-074360 | 27/03/2019 | 19/03/2019 | 1 | 250.00 | 12/09/2015 | Hindi Books |
